书目信息 |
| 题名: |
快速烧结炉底
|
|
| 作者: | 关天生 编著 | |
| 分册: | ||
| 出版信息: | 上海 科技卫生出版社 1958 |
|
| 页数: | 22页 | |
| 开本: | 19cm | |
| 丛书名: | 钢铁工业丛书 | |
| 单 册: | ||
| 中图分类: | TF736 | |
| 科图分类: | ||
| 主题词: | 碱性平炉--烧结--炉底 | |
| 电子资源: | ||
| ISBN: | 15119.909 | |
| 000 | 00677nam2 2200253 450 | |
| 001 | 0105442668 | |
| 005 | 20020928000000.0 | |
| 010 | @a15119.909@dCNY0.11 | |
| 091 | @a15119.909 | |
| 100 | @a19970610d1958 em y0chiy0110 ea | |
| 101 | 0 | @achi |
| 102 | @aCN@b310000 | |
| 105 | @ay z 000yy | |
| 106 | @ar | |
| 200 | 1 | @a快速烧结炉底@9Kuai Su Shao Jie Lu Di;De @f关天生编著@b专著 |
| 210 | @a上海@c科技卫生出版社@d1958 | |
| 215 | @a22页@d19cm | |
| 225 | 2 | @a钢铁工业丛书 |
| 410 | 0 | @12001 @a钢铁工业丛书 |
| 606 | 0 | @a碱性平炉@x烧结@x炉底 |
| 690 | @aTF736@v3 | |
| 701 | 0 | @a关天生@9guan tian sheng@4编著 |
| 801 | 0 | @aCN@bAiZhiMarc |
| 905 | @aBZT@dTF736@e1@f1@sTF736/1 | |
| 快速烧结炉底/关天生编著.-上海:科技卫生出版社,1958 |
| 22页;19cm.-(钢铁工业丛书) |
| ISBN 15119.909:CNY0.11 |
| ● |
| 相关链接 |
|
|
|
正题名:快速烧结炉底
索取号:TF736/1
 
预约/预借
| 序号 | 登录号 | 条形码 | 馆藏地/架位号 | 状态 | 备注 |
| 1 | 2000033830 | 2000033830 | 旧书回溯/ [索取号:TF736/1] | 在馆 |